000 00302nam a22001337a 4500
020 _a978-93-90929-23-8
082 _a894.812.3
_bNEE/P
100 _aNEELANCHERY, DHANYA
245 _aPANJIMITTAYI
260 _aTHRISSUR
_bH & C
_c2022
300 _a48
650 _aMALAYALAM POEMS
_zKERALA
942 _cBK
999 _c7899
_d7899